1767 1882 1855 1089 1860 1546 1756 1415 1136 1500 1989 1629 1099 1615 1004 1161 1867 1927 1282 1740 1145 1616 1898 1029 1191 1579 1841 1709 1393 1269 1104 1168 1473 1692 1110 1898 1718 1156 1545 1649 1714 1916 1435 1494 1948 1225 1193 1023 1488 1422 1147 1854 1834 1480 1195 1114 1356 1464 1655 1619 1722 1656 1238 1582 1394 1324 1324 1406 1189 1537 1014 1294 1682 1161 1718 1940 1625 1356 1273 1589 1943 1209 1092 1425 1502 1666 1614 1886 1719 1632 1829 1877 1166 1317 1171 1107 1821 1381 1934 BCNSPRNW ULIB Ver.6.0+V

เปลี่ยนเป็นภาษาไทย

Change to English
 แสดงรายละเอียดบรรณานุกรม
  กลับหน้าหลัก

Brief Record : Get Marc (ISO 2709) : E-mail record : QR code < ปิดหน้าต่าง
LEADER : 00000nam 2200000uu 4500
001    13399114211
003     ULIB
008    120305s2546||||th 000 0 tha d
020    ^a9746441841
020    ^a9789746441841
060 04 ^aWG141.5.A9^bส232C 2546
100 0  ^aสมเกียรติ โสภณธรรมรักษ์
245 10 ^aCardiac auscultation เสียงหัวใจ...ง่ายนิดเดียว /^cสมเกียรติ โสภณธรรมรักษ์
246 30 ^aเสียงหัวใจ...ง่ายนิดเดียว
250    ^aพิมพ์ครั้งที ่1
260    ^aสงขลา :^bหน่วยโรคหัวใจและหลอดเลือด ภาควิชากุมารเวชศาสตร์คณะแพทยศาสตร์ มหาวิทยาลัยสงขลานครินทร์,^c2546
300    ^a53 หน้า :^bภาพประกอบ ;^c21 ซม.
650  4 ^aหัวใจ^xเสียง
650  4 ^aหัวใจ, การฟังตรวจ
710 2  ^aมหาวิทยาลัยสงขลานครินทร์. ^bคณะแพทยศาสตร์.^bภาควิชากุมารเวชศาสตร์. ^bหน่วยโรคหัวใจและหลอดเลือด
945    ^p80^l0^i18870
995    ^aกัณชพร
999    ^aใช้งานได้ทุกระบบ
รายการนี้ยังไม่มีแท็ก
คุณยังไม่ได้ล็อกอิน คุณสามารถมีกิจกรรมร่วมกับเว็บไซต์ได้ แต่ต้องล็อกอินก่อน ::
  ล็อกอิน

รายการสื่อสารสนเทศ

ลำดับที่ ประเภท เลขเรียก/บาร์โค้ด สถานที่ สถานะ
- ไม่พบข้อมูล -

รายการใกล้เคียง
    ผู้แต่ง [สมเกียรติ โสภณธรรมรักษ์]

    หัวเรื่อง [หัวใจ, การฟังตรวจ]

BibComment


ยังไม่เคยถูกคอมเมนท์

คอมเมนท์ทรัพยากรรายการนี้
  คอมเมนท์: Cardiac ausculta..


 Copyright 2026. Bcnsprnw @Library